[Event "Corus Group B"]
[Site "Wijk aan Zee NED"]
[Date "2007.01.27"]
[EventDate "2007.01.13"]
[Round "12"]
[Result "0-1"]
[White "Tatiana Kosintseva"]
[Black "Maxime Vachier-Lagrave"]
[WhiteElo "2474"]
[BlackElo "2573"]
[PlyCount "84"]

1. e4 c5 2. Nf3 d6 3. d4 cxd4 4. Nxd4 Nf6 5. Nc3 a6 6. Be3 e6
7. g4 h6 8. Bg2 Nc6 9. h3 g5 10. Qe2 Qc7 11. O-O-O Ne5 12. Nf3
Ng6 13. h4 Nxg4 14. hxg5 Bd7 15. Bd2 Rc8 16. Nd4 Qc4 17. Qxg4
Qxd4 18. Be3 Qb4 19. f4 Bg7 20. a3 Qa5 21. e5 Rxc3 22. Bd2 h5
23. Rxh5 Rxh5 24. Qxh5 Nxf4 25. Bxf4 Rc4 26. Qh7 Bxe5 27. Bd2
Qb6 28. c3 Rg4 29. Rf1 Kd8 30. Rxf7 Qg1+ 31. Kc2 Qxg2
32. Rxd7+ Kc8 33. Rf7 Kb8 34. Rf8+ Ka7 35. Qd3 Rg3 36. Qc4
Rxg5 37. Qxe6 Qe4+ 38. Kb3 Rg2 39. Qc8 Rxd2 40. Qb8+ Kb6
41. Qd8+ Kb5 42. Qd7+ Ka5 0-1

[Event "Corus Group B"]
[Site "Wijk aan Zee NED"]
[Date "2007.01.28"]
[EventDate "2007.01.13"]
[Round "13"]
[Result "1/2-1/2"]
[White "Maxime Vachier-Lagrave"]
[Black "Vladimir Georgiev"]
[WhiteElo "2573"]
[BlackElo "2525"]
[PlyCount "122"]

1. e4 e5 2. Nf3 Nc6 3. Bb5 a6 4. Ba4 Nf6 5. O-O Bc5 6. c3 b5
7. Bb3 d6 8. a4 Bg4 9. h3 Bxf3 10. Qxf3 Na5 11. Bc2 b4 12. d3
Rb8 13. Nd2 O-O 14. Re1 Qd7 15. Qd1 Qc6 16. Nf3 bxc3 17. bxc3
Ba7 18. Ra3 Rfe8 19. Qe2 Bc5 20. Ra2 d5 21. Bg5 dxe4 22. dxe4
h6 23. Bh4 Nh5 24. Nd4 Bxd4 25. cxd4 Nf4 26. Qd2 Nc4 27. Qc1
Qe6 28. Bg3 g5 29. Bxf4 gxf4 30. Bd3 Nd6 31. Ra3 exd4 32. Qxf4
c5 33. e5 c4 34. Be2 d3 35. exd6 Rb2 36. Bxd3 Qxe1+ 37. Kh2
Qe5 38. Qxe5 Rxe5 39. Bxc4 Rd2 40. Rf3 Rxd6 41. Rxf7 Kh8
42. Ra7 Ra5 43. Bb5 Rg6 44. g4 Rg7 45. Rxa6 Rxa6 46. Bxa6 Rc7
47. Kg3 Rc3+ 48. f3 Kg7 49. Kf4 Rb3 50. Bb5 Kf6 51. Ke4 Rb4+
52. Kd5 Rf4 53. a5 Rxf3 54. h4 Rf4 55. a6 Rxg4 56. a7 Rg8
57. Bc6 Kf5 58. Kd6 Kg4 59. Bd5 Rh8 60. a8=Q Rxa8 61. Bxa8
Kxh4 1/2-1/2

[Event "FRA-chT Top16 Gp Basse"]
[Site "France"]
[Date "2007.05.31"]
[EventDate "2007.??.??"]
[Round "8"]
[Result "0-1"]
[White "Vereslav Eingorn"]
[Black "Maxime Vachier-Lagrave"]
[WhiteElo "2601"]
[BlackElo "2637"]
[PlyCount "80"]

1. d4 Nf6 2. c4 g6 3. g3 c6 4. Nf3 Bg7 5. Bg2 O-O 6. O-O d5
7. Qb3 Qb6 8. Nc3 Rd8 9. e3 Be6 10. Ng5 Qxb3 11. axb3 Bf5
12. Bd2 Na6 13. Rfc1 dxc4 14. bxc4 Nc5 15. Ra3 e5 16. dxc5
Rxd2 17. b4 e4 18. Ra4 Re8 19. h3 h6 20. g4 hxg5 21. gxf5 gxf5
22. Rxa7 f4 23. Rxb7 f3 24. Bf1 g4 25. b5 g3 26. fxg3 Bh6
27. Nd1 Kg7 28. bxc6 Rc8 29. g4 Rxc6 30. Rb3 Bg5 31. Rcb1 Rxc5
32. R3b2 Rd8 33. Rb5 Nd7 34. Kh2 Kg6 35. Nc3 Rxb5 36. Rxb5 Nf6
37. Kg3 Bxe3 38. Rf5 Bd4 39. Rxf6+ Bxf6 40. Nxe4 Rd1 0-1

[Event "FRA-chT Top16 Gp Basse"]
[Site "France"]
[Date "2007.05.31"]
[EventDate "2007.??.??"]
[Round "9"]
[Result "1-0"]
[White "Maxime Vachier-Lagrave"]
[Black "Dimitri Komarov"]
[WhiteElo "2637"]
[BlackElo "2595"]
[PlyCount "87"]

1. e4 e6 2. d4 d5 3. Nd2 c5 4. Ngf3 cxd4 5. Nxd4 Nc6 6. Bb5
Bd7 7. Nxc6 Bxc6 8. Bxc6+ bxc6 9. c4 Qa5 10. O-O Nf6 11. Qc2
Qa6 12. b3 Be7 13. Bb2 O-O 14. Rae1 Qb6 15. e5 Nd7 16. Kh1
Rae8 17. f4 f5 18. Rc1 Bc5 19. Rf3 Qb7 20. cxd5 cxd5 21. Rc3
Qb4 22. Nf3 Bb6 23. g3 Qe4 24. Re1 Qxc2 25. Rxc2 h6 26. Ba3
Rc8 27. Rec1 Rxc2 28. Rxc2 Re8 29. Kg2 Kf7 30. Bd6 Nf8 31. b4
a5 32. b5 Nd7 33. Rc6 a4 34. Bc7 Rc8 35. Bxb6 Rxc6 36. bxc6
Nxb6 37. Nd4 Ke7 38. Kf3 Nc4 39. Ke2 g5 40. c7 Nb6 41. fxg5
hxg5 42. h4 gxh4 43. gxh4 Kd7 44. h5 1-0

[Event "FRA-chT Top16 Gp Basse"]
[Site "France"]
[Date "2007.05.31"]
[EventDate "2007.??.??"]
[Round "11"]
[Result "1/2-1/2"]
[White "Maxime Vachier-Lagrave"]
[Black "Eduardas Leovich Rozentalis"]
[WhiteElo "2637"]
[BlackElo "2688"]
[PlyCount "35"]

1. e4 e6 2. d4 d5 3. Nd2 c5 4. Ngf3 Nf6 5. exd5 exd5 6. Bb5+
Bd7 7. Bxd7+ Nbxd7 8. O-O Be7 9. dxc5 Nxc5 10. Re1 O-O 11. Nf1
a5 12. a4 Re8 13. Be3 Rc8 14. c3 Qb6 15. Re2 Qb3 16. Qxb3 Nxb3
17. Rae1 Bc5 18. N1d2 1/2-1/2

[Event "ChIP"]
[Site "Paris FRA"]
[Date "2007.07.07"]
[EventDate "2007.07.07"]
[Round "1"]
[Result "0-1"]
[White "Guillaume Camus de Solliers"]
[Black "Maxime Vachier-Lagrave"]
[WhiteElo "2314"]
[BlackElo "2595"]
[PlyCount "76"]

1. d4 Nf6 2. c4 g6 3. Nc3 d5 4. cxd5 Nxd5 5. e4 Nxc3 6. bxc3
Bg7 7. Bc4 c5 8. Ne2 Nc6 9. Be3 cxd4 10. cxd4 Qa5+ 11. Bd2 Qh5
12. Bc3 Qg4 13. Ng3 Qxd1+ 14. Rxd1 Bd7 15. Ne2 Rc8 16. Rb1
Nxd4 17. Bxf7+ Kxf7 18. Bxd4 Bxd4 19. Nxd4 Rc4 20. Nf3 Kf6
21. O-O Bc6 22. e5+ Ke6 23. Rb3 h6 24. Rd1 Rd8 25. Re1 g5
26. h3 Rf8 27. Nd2 Rc2 28. Rd3 Rxa2 29. f3 Bb5 30. Rd4 Rc8
31. Rb1 Ba6 32. Nb3 Kxe5 33. Re1+ Kf6 34. Rde4 Rcc2 35. Re6+
Kf7 36. Rxe7+ Kg6 37. R7e6+ Kh5 38. g4+ Kh4 0-1

[Event "ChIP"]
[Site "Paris FRA"]
[Date "2007.07.11"]
[EventDate "2007.07.07"]
[Round "5"]
[Result "1-0"]
[White "Pavel Tregubov"]
[Black "Maxime Vachier-Lagrave"]
[WhiteElo "2599"]
[BlackElo "2595"]
[PlyCount "57"]

1. d4 Nf6 2. Nf3 g6 3. c4 Bg7 4. g3 O-O 5. Bg2 c6 6. O-O d5
7. Qb3 Qb6 8. Nc3 Rd8 9. c5 Qxb3 10. axb3 Na6 11. Bf4 Nd7
12. Rfd1 Re8 13. e4 dxe4 14. Nxe4 Nb4 15. Bg5 h6 16. Bd2 Nc2
17. Ra4 f5 18. Nc3 e5 19. dxe5 Nxe5 20. Nxe5 Bxe5 21. b4 Be6
22. b5 cxb5 23. Nxb5 Rad8 24. Rxa7 Bc4 25. Rxb7 Be2 26. Nd6
Rxd6 27. cxd6 Bxd1 28. Bd5+ Kh8 29. Re7 1-0

[Event "ChIP"]
[Site "Paris FRA"]
[Date "2007.07.13"]
[EventDate "2007.07.07"]
[Round "7"]
[Result "1/2-1/2"]
[White "Sergey Fedorchuk"]
[Black "Maxime Vachier-Lagrave"]
[WhiteElo "2618"]
[BlackElo "2595"]
[PlyCount "48"]

1. e4 c5 2. Nf3 d6 3. d4 cxd4 4. Nxd4 Nf6 5. Nc3 a6 6. a4 e5
7. Nf3 Be7 8. Bc4 Be6 9. Qe2 Qc8 10. Nd5 Nbd7 11. O-O Nxd5
12. Bxd5 Bxd5 13. exd5 O-O 14. a5 b5 15. axb6 Nxb6 16. Rd1 a5
17. Ra3 Qc4 18. Qxc4 Nxc4 19. Rc3 Rfc8 20. b3 Nb6 21. Rxc8+
Rxc8 22. c4 a4 23. Be3 Bd8 24. c5 dxc5 1/2-1/2

[Event "ChIP"]
[Site "Paris FRA"]
[Date "2007.07.14"]
[EventDate "2007.07.07"]
[Round "8"]
[Result "1/2-1/2"]
[White "Maxime Vachier-Lagrave"]
[Black "Laurent Fressinet"]
[WhiteElo "2595"]
[BlackElo "2646"]
[PlyCount "48"]

1. e4 e5 2. Nf3 Nc6 3. Bb5 a6 4. Ba4 Nf6 5. O-O Be7 6. Re1 b5
7. Bb3 O-O 8. c3 d5 9. exd5 Nxd5 10. Nxe5 Nxe5 11. Rxe5 c6
12. d4 Bd6 13. Re1 Qh4 14. g3 Qh3 15. Re4 g5 16. Qf1 Qh5
17. Nd2 Nf6 18. f3 Nxe4 19. fxe4 Bh3 20. Qf3 Qxf3 21. Nxf3 h6
22. Be3 Kg7 23. a4 Be6 24. Bc2 Rfb8 1/2-1/2

[Event "French Championship"]
[Site "Aix-les-Bains FRA"]
[Date "2007.08.13"]
[EventDate "2007.08.13"]
[Round "1"]
[Result "1/2-1/2"]
[White "Olivier Renet"]
[Black "Maxime Vachier-Lagrave"]
[WhiteElo "2498"]
[BlackElo "2595"]
[PlyCount "59"]

1. d4 Nf6 2. c4 g6 3. Nc3 d5 4. cxd5 Nxd5 5. e4 Nxc3 6. bxc3
Bg7 7. Bc4 c5 8. Ne2 Nc6 9. Be3 O-O 10. O-O Qc7 11. Rc1 b6
12. Qd2 Bb7 13. Bh6 Rad8 14. Bxg7 Kxg7 15. Qe3 e5 16. Bb5 Na5
17. Ng3 Qe7 18. dxe5 Qxe5 19. f4 Qd6 20. Rfd1 Qxd1+ 21. Rxd1
Rxd1+ 22. Kf2 Nc6 23. Bxc6 Bxc6 24. f5 Rfd8 25. Qg5 R1d6
26. Nh5+ Kf8 27. Nf6 Kg7 28. Nh5+ Kf8 29. Nf6 Kg7 30. Nh5+
1/2-1/2

[Event "French Championship"]
[Site "Aix-les-Bains FRA"]
[Date "2007.08.16"]
[EventDate "2007.08.13"]
[Round "4"]
[Result "1-0"]
[White "Maxime Vachier-Lagrave"]
[Black "Laurent Guidarelli"]
[WhiteElo "2595"]
[BlackElo "2450"]
[PlyCount "65"]

1. e4 c5 2. Nf3 d6 3. d4 cxd4 4. Nxd4 Nf6 5. Nc3 a6 6. Be3 e5
7. Nf3 Be7 8. Bc4 O-O 9. O-O Be6 10. Qe2 Bxc4 11. Qxc4 b5
12. Qd3 b4 13. Nd5 Nxd5 14. Qxd5 Nd7 15. Qd3 Qc7 16. Rac1 Qb7
17. Nd2 Rac8 18. Nc4 Qb5 19. b3 f5 20. f3 fxe4 21. fxe4 Rxf1+
22. Rxf1 Nf6 23. Bg5 d5 24. Qh3 Re8 25. exd5 Qxd5 26. Ne3 Qc6
27. Kh1 Nd5 28. Qf3 Qe6 29. Nxd5 Bxg5 30. Nc7 Qd7 31. Nxe8
Qxe8 32. Qd5+ Kh8 33. Qxe5 1-0

[Event "French Championship"]
[Site "Aix-les-Bains"]
[Date "2007.08.17"]
[EventDate "2007.??.??"]
[Round "5"]
[Result "0-1"]
[White "Anatoli Vaisser"]
[Black "Maxime Vachier-Lagrave"]
[WhiteElo "2544"]
[BlackElo "2595"]
[PlyCount "82"]

1. d4 Nf6 2. c4 g6 3. Nc3 d5 4. cxd5 Nxd5 5. e4 Nxc3 6. bxc3
Bg7 7. Bc4 c5 8. Ne2 Nc6 9. Be3 O-O 10. O-O Bd7 11. Rb1 Qc7
12. Bf4 Qc8 13. Rc1 a6 14. a3 b5 15. Bd5 e6 16. Ba2 e5
17. Bxe5 Nxe5 18. dxe5 c4 19. f4 Bg4 20. Rf2 Rd8 21. Qe1 Bxe2
22. Qxe2 Qc5 23. a4 Qa3 24. Qc2 Bf8 25. Kh1 Bc5 26. Re2 Rd3
27. axb5 axb5 28. g3 Rad8 29. Kg2 Be3 30. Rce1 Qa8 31. Rxe3
Rd2+ 32. R3e2 Rxc2 33. Rxc2 Rd1 34. Ree2 Qa7 35. Rb2 Kg7
36. Kh3 Qd7+ 37. Kg2 Qd3 38. Kf2 Qxc3 39. Rxb5 Qd4+ 40. Kf3
Qd3+ 41. Kf2 Rd2 0-1

[Event "French Championship"]
[Site "Aix-les-Bains"]
[Date "2007.08.18"]
[EventDate "2007.??.??"]
[Round "6"]
[Result "1-0"]
[White "Vladislav Ivanovich Tkachiev"]
[Black "Maxime Vachier-Lagrave"]
[WhiteElo "2665"]
[BlackElo "2595"]
[PlyCount "119"]

1. d4 Nf6 2. c4 g6 3. g3 c6 4. Bg2 d5 5. Qa4 Bg7 6. cxd5 Nxd5
7. Nf3 Nb6 8. Qc2 Bf5 9. e4 Bg4 10. Ne5 Be6 11. Be3 c5
12. Qxc5 N8d7 13. Nxd7 Qxd7 14. Na3 Rc8 15. Qb4 Nc4 16. O-O a5
17. Qb5 Qxb5 18. Nxb5 O-O 19. Rfc1 Nxb2 20. e5 Nc4 21. Bg5 f6
22. exf6 exf6 23. Bf4 g5 24. Bc7 Rf7 25. d5 Bd7 26. Nd6 Nxd6
27. Bxd6 Bf8 28. Rxc8 Bxc8 29. Bb8 Bf5 30. d6 Rd7 31. Rd1 Kf7
32. Bc7 Be6 33. Bf1 Bxa2 34. Bb5 Bxd6 35. Bxd6 Rd8 36. Rd2 Bb3
37. Bb4 Rxd2 38. Bxd2 a4 39. Bb4 Ke6 40. Kf1 h5 41. Ke2 Ke5
42. Ke3 h4 43. gxh4 gxh4 44. Bc3+ Kf5 45. Bd7+ Kg5 46. Bb2 Bc2
47. f4+ Kg6 48. Kf3 Bd1+ 49. Ke4 Bc2+ 50. Kd5 b5 51. Ba3 Bd3
52. Kd6 Kh5 53. Ke7 f5 54. h3 Kg6 55. Be8+ Kg7 56. Ke6 Bf1
57. Kxf5 Bxh3+ 58. Kg5 Bf1 59. f5 b4 60. Bxb4 1-0

[Event "French Championship"]
[Site "Aix-les-Bains FRA"]
[Date "2007.08.21"]
[EventDate "2007.08.13"]
[Round "8"]
[Result "1/2-1/2"]
[White "Andrei Sokolov"]
[Black "Maxime Vachier-Lagrave"]
[WhiteElo "2582"]
[BlackElo "2595"]
[PlyCount "30"]

1. e4 c5 2. Nf3 d6 3. d4 cxd4 4. Nxd4 Nf6 5. Nc3 a6 6. Be2 e5
7. Nb3 Be7 8. O-O O-O 9. Kh1 b6 10. f4 Bb7 11. Bf3 Nbd7
12. Nd5 Rc8 13. c3 Re8 14. Be3 Bf8 15. Nxf6+ Nxf6 1/2-1/2

[Event "French Championship"]
[Site "Aix-les-Bains FRA"]
[Date "2007.08.22"]
[EventDate "2007.08.13"]
[Round "9"]
[Result "1/2-1/2"]
[White "Maxime Vachier-Lagrave"]
[Black "Igor Alexandre Nataf"]
[WhiteElo "2595"]
[BlackElo "2588"]
[PlyCount "43"]

1. e4 c5 2. Nf3 e6 3. d4 cxd4 4. Nxd4 Nf6 5. Nc3 Nc6 6. Ndb5
d6 7. Bf4 e5 8. Bg5 a6 9. Na3 b5 10. Nd5 Be7 11. Bxf6 Bxf6
12. c3 O-O 13. Nc2 Rb8 14. a4 bxa4 15. Ncb4 Nxb4 16. cxb4 Be6
17. Rxa4 Bxd5 18. Qxd5 Qd7 19. Rxa6 Rxb4 20. Bc4 Rxb2 21. O-O
Qb7 22. Rxd6 1/2-1/2

[Event "ch-FRA Playoff"]
[Site "Aix-les-Bains FRA"]
[Date "2007.08.25"]
[EventDate "2007.08.25"]
[Round "2"]
[Result "1/2-1/2"]
[White "Maxime Vachier-Lagrave"]
[Black "Vladislav Ivanovich Tkachiev"]
[WhiteElo "2595"]
[BlackElo "2655"]
[PlyCount "51"]

1. e4 e5 2. Nf3 Nc6 3. Bb5 a6 4. Bxc6 dxc6 5. O-O Qf6 6. d4
exd4 7. Bg5 Qd6 8. Nxd4 Be7 9. Bxe7 Nxe7 10. Nc3 Bd7 11. Nb3
O-O-O 12. Qh5 Ng6 13. Rad1 Qe7 14. Qc5 b6 15. Qxe7 Nxe7 16. f3
c5 17. Kf2 Be6 18. Rxd8+ Rxd8 19. Rd1 Rd6 20. Nc1 Nc6 21. Rxd6
cxd6 22. Nd5 b5 23. Nf4 Kd7 24. Ke3 Nb4 25. Kd2 g5 26. Nxe6
1/2-1/2

[Event "ch-FRA Playoff"]
[Site "Aix-les-Bains FRA"]
[Date "2007.08.25"]
[EventDate "2007.08.25"]
[Round "3"]
[Result "1-0"]
[White "Maxime Vachier-Lagrave"]
[Black "Vladislav Ivanovich Tkachiev"]
[WhiteElo "2595"]
[BlackElo "2655"]
[PlyCount "91"]

1. e4 e5 2. Nf3 Nc6 3. Bb5 a6 4. Bxc6 dxc6 5. O-O Qf6 6. d4
exd4 7. Bg5 Qd6 8. Nxd4 Be7 9. Bxe7 Nxe7 10. Nc3 Bd7 11. Nb3
O-O-O 12. Qh5 Ng6 13. Rad1 Qe7 14. f4 Kb8 15. Qc5 f5 16. Rd4
Qxc5 17. Nxc5 Bc8 18. Rfd1 Rxd4 19. Rxd4 fxe4 20. g3 e3
21. Re4 Bf5 22. Rxe3 Rd8 23. Kf2 h5 24. Nd3 b6 25. b4 Kc8
26. a3 Rd4 27. Ke1 Kd8 28. Ne2 Rd5 29. Kd2 Kd7 30. c4 Rd6
31. Kc3 Re6 32. Rxe6 Bxe6 33. Nd4 Bg4 34. c5 Bh3 35. a4 Bg4
36. a5 b5 37. Ne5+ Nxe5 38. fxe5 Be6 39. Kd3 Bd5 40. h4 Ke7
41. Ke3 Kf7 42. Kf4 Kg6 43. Nf5 Bg2 44. e6 Bd5 45. Ke5 Bb3
46. Ne7+ 1-0

[Event "ch-FRA Playoff"]
[Site "Aix-les-Bains FRA"]
[Date "2007.08.25"]
[EventDate "2007.08.25"]
[Round "4"]
[Result "0-1"]
[White "Vladislav Ivanovich Tkachiev"]
[Black "Maxime Vachier-Lagrave"]
[WhiteElo "2655"]
[BlackElo "2595"]
[PlyCount "70"]

1. c4 Nf6 2. Nc3 e5 3. Nf3 Nc6 4. g3 Bb4 5. Nd5 Bc5 6. d3 Nxd5
7. cxd5 Nd4 8. Nd2 d6 9. e3 Nf5 10. Nc4 c6 11. dxc6 b5 12. Bg2
Qc7 13. Na3 a6 14. Nc2 O-O 15. O-O Ne7 16. d4 Bb6 17. d5 f5
18. a4 bxa4 19. Rxa4 a5 20. Na3 Ba6 21. Re1 Ng6 22. Bf1 Bxf1
23. Rxf1 e4 24. Nc4 Bc5 25. Bd2 Qf7 26. Bxa5 f4 27. exf4 Nxf4
28. gxf4 Qxf4 29. Bd2 Bxf2+ 30. Kh1 e3 31. Nxe3 Rxa4 32. Ng2
Qe4 33. Bc3 Raa8 34. Qh5 Bd4 35. Re1 Bxc3 0-1

[Event "Bundesliga 2007/08"]
[Site "Wattenscheid GER"]
[Date "2007.10.20"]
[EventDate "2007.10.19"]
[Round "1"]
[Result "1-0"]
[White "Maxime Vachier-Lagrave"]
[Black "Alexander Rustemov"]
[WhiteElo "2634"]
[BlackElo "2540"]
[PlyCount "165"]

1. e4 e6 2. d4 d5 3. Nd2 dxe4 4. Nxe4 Bd7 5. Nf3 Bc6 6. Bd3
Nd7 7. Qe2 Ngf6 8. Neg5 Qe7 9. O-O h6 10. Ne4 Nxe4 11. Bxe4
Bxe4 12. Qxe4 c6 13. Bf4 Nf6 14. Qe2 g6 15. c4 Bg7 16. Qe3 Rd8
17. Rad1 Nh5 18. Be5 O-O 19. Bxg7 Kxg7 20. d5 cxd5 21. cxd5
Nf6 22. dxe6 Qxe6 23. Qxe6 fxe6 24. Rc1 Nd5 25. Rfe1 Rd6
26. h4 Rf7 27. Rc4 Rc7 28. Rg4 Nf6 29. Rd4 Rcd7 30. Ra4 a6
31. Kh2 Rc7 32. Re2 Kf7 33. Ne5+ Kg7 34. Nf3 Kf7 35. Rb4 b5
36. Ne5+ Kg7 37. Rb3 Rd4 38. Nf3 Rd6 39. Rb4 Kf7 40. g3 Rc5
41. Kg2 Rdd5 42. Rb3 Nd7 43. Rbe3 Rd6 44. Nd2 Nf6 45. Nf3 Nd7
46. Re4 Kf6 47. Nh2 Ke7 48. Ng4 Nf6 49. Re5 Rc8 50. Nh2 Nd7
51. R5e3 Nf6 52. Nf3 Nd7 53. Ne1 Rc4 54. Nd3 g5 55. hxg5 hxg5
56. Ne1 g4 57. f4 gxf3+ 58. Nxf3 b4 59. Ng5 Nc5 60. Rf3 Rd5
61. Rf7+ Kd6 62. Rg7 Rcd4 63. Rg6 Rd2 64. Rgxe6+ Nxe6 65. Ne4+
Ke5 66. Nxd2+ Kf5 67. Nf3 a5 68. Rc2 Ng5 69. Rd2 Rc5 70. Nxg5
Kxg5 71. Kf3 a4 72. Ke3 Kg4 73. Rd4+ Kxg3 74. Rxb4 a3 75. bxa3
Rc2 76. a4 Rxa2 77. Kd4 Kf4 78. Kc5+ Ke5 79. Kb6 Rh2 80. a5
Kd5 81. a6 Rh6+ 82. Kb5 Rh7 83. Ra4 1-0

[Event "Bundesliga 2007/08"]
[Site "Katernberg GER"]
[Date "2007.11.24"]
[EventDate "2007.10.19"]
[Round "3"]
[Result "1-0"]
[White "Maxime Vachier-Lagrave"]
[Black "Stanislav Novikov"]
[WhiteElo "2634"]
[BlackElo "2534"]
[PlyCount "57"]

1. e4 c5 2. Nf3 e6 3. d4 cxd4 4. Nxd4 Nc6 5. Nc3 Qc7 6. f4 Bb4
7. Ndb5 Qb8 8. a3 Be7 9. e5 Nh6 10. Ne4 O-O 11. Bd3 b6 12. O-O
Ba6 13. c4 Bxb5 14. cxb5 Nd4 15. g4 Qb7 16. Be3 Nxb5 17. f5 d5
18. Nf6+ gxf6 19. Bxh6 Nc7 20. exf6 Bxf6 21. fxe6 fxe6
22. Bxf8 Rxf8 23. g5 Bd4+ 24. Kg2 Rxf1 25. Bxh7+ Kxh7 26. Qh5+
Kg8 27. Rxf1 Nb5 28. Qe8+ Kg7 29. Qf8+ 1-0

[Event "Bundesliga 2007/08"]
[Site "Katernberg GER"]
[Date "2007.11.25"]
[EventDate "2007.10.19"]
[Round "4"]
[Result "1/2-1/2"]
[White "Thomas Luther"]
[Black "Maxime Vachier-Lagrave"]
[WhiteElo "2534"]
[BlackElo "2634"]
[PlyCount "46"]

1. e4 c5 2. Nf3 d6 3. d4 Nf6 4. Nc3 cxd4 5. Nxd4 a6 6. Bg5 e6
7. f4 Qc7 8. Bxf6 gxf6 9. Be2 Nc6 10. Qd2 Nxd4 11. Qxd4 Qc5
12. Qxc5 dxc5 13. Na4 Bd7 14. Nb6 Rd8 15. Nxd7 Rxd7 16. Rd1
Rxd1+ 17. Bxd1 c4 18. Bh5 Bd6 19. g3 Ke7 20. c3 Rd8 21. Ke2
Bc5 22. Rd1 Rxd1 23. Kxd1 b5 1/2-1/2

[Event "Aeroflot Open"]
[Site "Moscow RUS"]
[Date "2008.02.14"]
[EventDate "2008.02.14"]
[Round "1"]
[Result "1-0"]
[White "Sergei Zhigalko"]
[Black "Maxime Vachier-Lagrave"]
[WhiteElo "2558"]
[BlackElo "2637"]
[PlyCount "121"]

1. e4 c5 2. Nf3 d6 3. d4 cxd4 4. Qxd4 a6 5. Bc4 Nc6 6. Qd3 e6
7. Nc3 Nge7 8. Be3 Ng6 9. Bb3 Be7 10. O-O-O b5 11. h4 Qc7
12. Bg5 Nge5 13. Qd2 Bb7 14. Bxe7 Qxe7 15. Qxd6 Nxf3 16. gxf3
Rd8 17. Qg3 O-O 18. Rhg1 Qf6 19. f4 Nd4 20. Bd5 b4 21. e5 Qh6
22. Bxb7 bxc3 23. Bxa6 cxb2+ 24. Kb1 f6 25. Bc4 Kh8 26. exf6
Qxf6 27. Qe3 Nxc2 28. Kxc2 Rc8 29. Rd4 Rc5 30. Kb1 e5 31. fxe5
Rxe5 32. Qd2 Rf5 33. Rd7 Rf4 34. Rgxg7 Rxh4 35. Bf1 Rh1
36. Qd3 Rxf1+ 37. Qxf1 Qf5+ 38. Kxb2 Rb8+ 39. Rb7 Qe5+ 40. Kc2
Qc5+ 41. Kb3 Qd5+ 42. Qc4 Rxb7+ 43. Rxb7 Qxb7+ 44. Kc2 h5
45. a4 Qf3 46. Qd4+ Kg8 47. Kd2 Qb3 48. Ke2 Qb1 49. Qd5+ Kg7
50. Qg5+ Kf8 51. Qc5+ Kg7 52. a5 h4 53. Qc7+ Kf8 54. Qd6+ Kg7
55. a6 h3 56. Qd4+ Kf7 57. a7 Qb7 58. Qf4+ Ke7 59. Qe3+ Kd8
60. Qd4+ Kc7 61. Qg7+ 1-0

[Event "Aeroflot Open"]
[Site "Moscow RUS"]
[Date "2008.02.15"]
[EventDate "2008.02.14"]
[Round "2"]
[Result "0-1"]
[White "Maxime Vachier-Lagrave"]
[Black "Andrey Zhigalko"]
[WhiteElo "2637"]
[BlackElo "2556"]
[PlyCount "108"]

1. e4 c5 2. Nf3 d6 3. d4 cxd4 4. Nxd4 Nf6 5. Nc3 Nc6 6. Bg5 e6
7. Qd2 a6 8. O-O-O Bd7 9. f4 h6 10. Bxf6 Qxf6 11. Nf3 Qd8
12. g4 b5 13. Kb1 Qb6 14. Bg2 O-O-O 15. Rhe1 Kb8 16. h4 Bc8
17. g5 g6 18. f5 hxg5 19. hxg5 gxf5 20. exf5 d5 21. g6 d4
22. Ne2 e5 23. Qg5 fxg6 24. fxg6 Qc7 25. Nc1 Bd6 26. Nd3 Rde8
27. Nd2 Be7 28. Qg3 Bh4 29. Qf3 Bxe1 30. Rxe1 Re6 31. Qg3 Rg8
32. Be4 Ne7 33. g7 Nc6 34. Nc5 Rxg7 35. Nxe6 Rxg3 36. Nxc7
Kxc7 37. a3 Ne7 38. Bd3 Re3 39. Rxe3 dxe3 40. Nf3 Kd6 41. Kc1
Bf5 42. Be2 Ng6 43. Ne1 Nf4 44. Kd1 Be6 45. Nd3 Bc4 46. Nc1
Kc5 47. Bf3 a5 48. Bg4 Kd5 49. b3 Bf1 50. Ke1 e2 51. Bf3+ e4
52. Bh1 Kd4 53. Kd2 b4 54. a4 Bh3 0-1

[Event "Aeroflot Open"]
[Site "Moscow RUS"]
[Date "2008.02.17"]
[EventDate "2008.02.14"]
[Round "4"]
[Result "1/2-1/2"]
[White "Maxime Vachier-Lagrave"]
[Black "Pavel Maletin"]
[WhiteElo "2637"]
[BlackElo "2573"]
[PlyCount "132"]

1. e4 c5 2. Nf3 Nc6 3. d4 cxd4 4. Nxd4 g6 5. c4 Nf6 6. Nc3
Nxd4 7. Qxd4 d6 8. c5 Bg7 9. Bb5+ Bd7 10. Bxd7+ Qxd7 11. cxd6
O-O 12. O-O Ne8 13. Qd5 e6 14. Qd3 Qxd6 15. Rd1 Qxd3 16. Rxd3
Nf6 17. e5 Ng4 18. f4 h5 19. h3 Nh6 20. Ne4 Rfd8 21. Rxd8+
Rxd8 22. Be3 b6 23. Kf2 Nf5 24. g4 hxg4 25. hxg4 Ne7 26. a4
Nd5 27. Kf3 Kf8 28. a5 Ke7 29. axb6 axb6 30. Ra6 Rh8 31. Ra7+
Kf8 32. Ra8+ Ke7 33. Ra7+ Kf8 34. Ng5 Kg8 35. Bf2 Bf8 36. f5
gxf5 37. gxf5 Rh5 38. Kg4 Rh2 39. fxe6 fxe6 40. Bg3 Rxb2
41. Ra8 Rb4+ 42. Kh5 Rb3 43. Nxe6 Kf7 44. Ng5+ Ke7 45. Bh4
Nf4+ 46. Kg4 Ng2 47. Ra7+ Ke8 48. Ra8+ Ke7 49. Ra7+ Ke8
50. Bf2 Bc5 51. Bxc5 bxc5 52. Ne4 Ne3+ 53. Kg5 Rb6 54. Nd6+
Kd8 55. Kf6 Nd5+ 56. Kf7 Rc6 57. Ne4 Nf4 58. Ra8+ Kc7 59. Nd6
c4 60. Ra4 Kb6 61. Rb4+ Ka5 62. Rxc4 Rxc4 63. Nxc4+ Kb4
64. Ne3 Kc5 65. Kf6 Kd4 66. Ng4 Nd3 1/2-1/2

[Event "Aeroflot Open"]
[Site "Moscow RUS"]
[Date "2008.02.19"]
[EventDate "2008.02.14"]
[Round "6"]
[Result "1/2-1/2"]
[White "Sergej Dyachkov"]
[Black "Maxime Vachier-Lagrave"]
[WhiteElo "2559"]
[BlackElo "2637"]
[PlyCount "90"]

1. Nf3 Nf6 2. c4 g6 3. Nc3 d5 4. Qa4+ Bd7 5. Qb3 dxc4 6. Qxc4
a6 7. d4 b5 8. Qb3 c5 9. dxc5 Nc6 10. e4 Be6 11. Qc2 Bg7
12. Be2 Qc7 13. a3 O-O 14. O-O b4 15. axb4 Nxb4 16. Qa4 a5
17. Nd4 Ng4 18. Bxg4 Bxg4 19. Be3 Rfd8 20. Nde2 Bd7 21. Qd1
Be6 22. Qa4 Nd3 23. Qa3 Ne5 24. Bf4 Qc6 25. Bxe5 Bxe5 26. Rfd1
Rdb8 27. Nd5 Bxd5 28. exd5 Qf6 29. Nc3 Ra6 30. Rac1 Rb4 31. g3
Bd4 32. Ne4 Qe5 33. Qd3 Ra8 34. Rc4 Bxb2 35. d6 exd6 36. Nxd6
Rxc4 37. Qxc4 Qf6 38. c6 Be5 39. Nb5 Rc8 40. Na7 Rc7 41. Rd7
Rxd7 42. cxd7 Bd4 43. d8=Q+ Qxd8 44. Nc6 Qc7 45. Qxd4 Qxc6
1/2-1/2

[Event "European Individual Championship"]
[Site "Plovdiv BUL"]
[Date "2008.04.21"]
[EventDate "2008.04.21"]
[Round "1"]
[Result "1-0"]
[White "Maxime Vachier-Lagrave"]
[Black "Michael Hoffmann"]
[WhiteElo "2632"]
[BlackElo "2471"]
[PlyCount "91"]

1. e4 c6 2. d4 d5 3. e5 c5 4. dxc5 e6 5. Nf3 Bxc5 6. Bd3 Nc6
7. O-O Nge7 8. Bf4 Ng6 9. Bg3 O-O 10. Nbd2 f5 11. exf6 Qxf6
12. c4 Nf4 13. cxd5 exd5 14. Bxh7+ Kxh7 15. Bxf4 Qxf4 16. Qc2+
Bf5 17. Qxc5 d4 18. Rfe1 Rad8 19. Rad1 Kh8 20. Ne5 Nxe5
21. Qxe5 Qxe5 22. Rxe5 Rc8 23. f3 Bc2 24. Rc1 Bd3 25. Ree1
Rxc1 26. Rxc1 Re8 27. Nb3 Re2 28. Rd1 Bc4 29. Rxd4 Bxb3
30. axb3 Rxb2 31. b4 Kh7 32. h4 Kg6 33. Kh2 Kf6 34. Kh3 Ke5
35. Re4+ Kf6 36. g4 g6 37. g5+ Kf7 38. Rf4+ Kg7 39. Rc4 b6
40. f4 a5 41. bxa5 bxa5 42. Rc7+ Kf8 43. Ra7 Ra2 44. h5 gxh5
45. g6 Rf2 46. Rf7+ 1-0

[Event "European Individual Championship"]
[Site "Plovdiv BUL"]
[Date "2008.04.29"]
[EventDate "2008.04.21"]
[Round "8"]
[Result "1/2-1/2"]
[White "Boris Grachev"]
[Black "Maxime Vachier-Lagrave"]
[WhiteElo "2610"]
[BlackElo "2632"]
[PlyCount "21"]

1. d4 Nf6 2. Nf3 g6 3. Bf4 Bg7 4. e3 d6 5. h3 O-O 6. Be2 c5
7. c3 Qb6 8. Qb3 Be6 9. Qa3 Nc6 10. O-O Qa5 11. Qxa5 1/2-1/2